To islands far away: (Record no. 6204)

MARC details
000 -LEADER
fixed length control field 00854nam a22001817a 4500
003 - CONTROL NUMBER IDENTIFIER
control field OSt
005 - DATE AND TIME OF LATEST TRANSACTION
control field 20251217061800.0
008 - FIXED-LENGTH DATA ELEMENTS--GENERAL INFORMATION
fixed length control field 251125b |||||||| |||| 00| 0 eng d
040 ## - CATALOGING SOURCE
Original cataloging agency DWC-Main lib
Transcribing agency OC
082 ## - DEWEY DECIMAL CLASSIFICATION NUMBER
Classification number SC. 910.4 T55 2001
245 ## - TITLE STATEMENT
Title To islands far away:
Remainder of title the story of the thomasites and their journey to the philippines
260 ## - PUBLICATION, DISTRIBUTION, ETC.
Place of publication, distribution, etc. Manila :
Name of publisher, distributor, etc. Public Affairs Section, U.S. Embassy,
Date of publication, distribution, etc. 2001
300 ## - PHYSICAL DESCRIPTION
Extent xii, 76 pages, [1] leaf of plates :
Other physical details illustration ;
Dimensions 26 cm.
504 ## - BIBLIOGRAPHY, ETC. NOTE
Bibliography, etc. note "A special Thomasites centennial project publication of the Public Affairs Section, U.S. Embassy, Manila, to commemorate the August 1901 arrival in the Philippines of the Thomasites."
650 ## - SUBJECT ADDED ENTRY--TOPICAL TERM
Source of heading or term Thomasites--Philippines.
650 ## - SUBJECT ADDED ENTRY--TOPICAL TERM
Source of heading or term Thomasites--Education--Philippines.
942 ## - ADDED ENTRY ELEMENTS (KOHA)
Source of classification or shelving scheme Dewey Decimal Classification
Koha item type Special Collection
Classification part SC. 910.4 T55 2001
Call number prefix SC.
Suppress in OPAC No
952 ## - LOCATION AND ITEM INFORMATION (KOHA)
--
952 ## - LOCATION AND ITEM INFORMATION (KOHA)
--
Holdings
Withdrawn status Lost status Source of classification or shelving scheme Damaged status Not for loan Home library Current library Shelving location Date acquired Total Checkouts Full call number Barcode Date last seen Copy number Price effective from Koha item type Uniform Resource Identifier Cost, normal purchase price
    Dewey Decimal Classification     College Library College Library Special Collection 09/14/2005   SC. 910.4 T55 2001 CL42426 11/25/2025 c1 11/25/2025 SC  
    Dewey Decimal Classification     College Library College Library Special Collection 02/04/2003   SC. 910.4 T55 2001 CL37144 12/17/2025 c2 12/17/2025 SC 0.00